000 nam a22 7a 4500
999 _c10423
_d10423
008 180216b ||||| |||| 00| 0 eng d
100 _aGhosh, S
_96278
245 _aZettabye Computer
260 _aNew Delhi
_c2012